|
|
|
|
| LEADER |
00000nam0a2200000 4500 |
| 001 |
373525 |
| 005 |
20231102012556.0 |
| 035 |
|
|
|a (RuTPU)RU\TPU\retro\30955
|
| 035 |
|
|
|a RU\TPU\book\270497
|
| 090 |
|
|
|a 373525
|
| 100 |
|
|
|a 20221216d1970 k y0rusy50 ca
|
| 101 |
0 |
|
|a rus
|
| 102 |
|
|
|a RU
|
| 105 |
|
|
|a a z 001zy
|
| 200 |
1 |
|
|a Эйнштейновский сборник 1969-1970
|f Академия наук СССР (АН СССР) ; сост. У. И. Франкфурт
|
| 210 |
|
|
|a Москва
|c Наука
|d 1970
|
| 215 |
|
|
|a 404 с.
|c ил.
|
| 320 |
|
|
|a Библиография в конце статей
|
| 600 |
|
1 |
|a Эйнштейн
|g Альберт
|b А.
|c немецкий физик-теоретик
|c Нобелевский лауреат
|f 1879-1955
|2 stltpush
|3 (RuTPU)RU\TPU\pers\817
|
| 606 |
1 |
|
|a Относительности теория
|2 stltpush
|3 (RuTPU)RU\TPU\subj\47735
|9 66647
|
| 610 |
1 |
|
|a теоретическая физика
|
| 610 |
1 |
|
|a релятивистская термодинамика
|
| 610 |
1 |
|
|a макроскопическая термодинамика
|
| 610 |
1 |
|
|a соотношения
|
| 610 |
1 |
|
|a работа
|
| 610 |
1 |
|
|a теплота
|
| 610 |
1 |
|
|a преобразования
|
| 610 |
1 |
|
|a теория поля
|
| 610 |
1 |
|
|a гравитация
|
| 610 |
1 |
|
|a наблюдения
|
| 610 |
1 |
|
|a динамика
|
| 610 |
1 |
|
|a сила тяжести
|
| 610 |
1 |
|
|a эффект Мессбауэра
|
| 610 |
1 |
|
|a проверки
|
| 610 |
1 |
|
|a физическая реальность
|
| 610 |
1 |
|
|a многообразия
|
| 610 |
1 |
|
|a единство
|
| 610 |
1 |
|
|a излучение
|
| 610 |
1 |
|
|a оптика
|
| 610 |
1 |
|
|a атомная физика
|
| 675 |
|
|
|a 530.12
|v 3
|
| 702 |
|
1 |
|a Франкфурт
|b У. И.
|4 220
|
| 712 |
0 |
2 |
|a Академия наук СССР (АН СССР)
|2 stltpush
|3 (RuTPU)RU\TPU\col\722
|
| 801 |
|
1 |
|a RU
|b 63413507
|c 20140123
|
| 801 |
|
2 |
|a RU
|b 63413507
|c 20221216
|g RCR
|
| 942 |
|
|
|c BK
|